[Event "MK Cafe Cup-B"]
[Site "Koszalin"]
[Date "1998.??.??"]
[Round "5"]
[White "Fiodorov, Mikhail"]
[Black "Rosenbeiger, Alan"]
[Result "1-0"]
[WhiteElo "2295"]
[BlackElo "2125"]

1.d4 Nf6 2.c4 e6 3.Nf3 Bb4+ 4.Bd2 a5 5.Nc3 d5 6.cxd5 exd5 7.e3 O-O 8.Bd3 Nbd7
9.O-O Re8 10.a3 Bd6 11.Qc2 c6 12.Rab1 Qe7 13.Rfc1 Ne4 14.Be1 Ndf6 15.Na4 Bc7
16.b4 Bg4 17.b5 Bxf3 18.gxf3 Ng5 19.Kg2 Qd6 20.f4 Ng4 21.Qe2 Nh6 22.Nc5 Ne6
23.Nxe6 Rxe6 24.bxc6 bxc6 25.Rc5 g5 26.Rbc1 Qd7 27.fxg5 Kh8 28.Qh5 Rg8 29.Kf1  1-0

[Event "MK Cafe Cup-B"]
[Site "Koszalin"]
[Date "1998.??.??"]
[Round "10"]
[White "Kludacz, Magdalena"]
[Black "Lasinskas, Povilas"]
[Result "1-0"]
[WhiteElo "2230"]
[BlackElo "2115"]

1.d4 Nf6 2.c4 e6 3.Nf3 Bb4+ 4.Bd2 a5 5.g3 b6 6.Bg2 Bb7 7.O-O O-O 8.Qc2 Qe7
9.Nc3 Bxc3 10.Bxc3 Be4 11.Qc1 d6 12.Qg5 Nbd7 13.Rad1 Rfe8 14.b3 Qd8 15.Bb2 Qc8
16.Nh4 Bxg2 17.Nxg2 Qb7 18.f3 h6 19.Qh4 d5 20.Rde1 a4 21.e4 axb3 22.axb3 Ra2
23.Bc1 dxc4 24.bxc4 e5 25.d5 Qa6 26.Ne3 Nf8 27.Ng4 Nxg4 28.Qxg4 Qxc4 29.Bxh6 Ng6
30.Be3 Rea8 31.h4 Re2 32.h5 Raa2 33.Rxe2 Qxe2 34.Bf2 Nf8 35.h6 Ng6 36.hxg7 Kxg7
37.Qf5 b5 38.f4 Ra4 39.Re1 Qb2 40.Qg4 Ra2 41.Rf1 Qe2 42.Qf5 Ra4 43.Re1 Qb2
44.Qg4 Ra2 45.Rf1 Qe2 46.Qxe2 Rxe2 47.f5 Nf8 48.Re1 Rc2 49.Rb1 Nd7 50.Rxb5 Nf6
51.Rb4 Re2 52.Kg2 Nxe4 53.Kf3 Rxf2+ 54.Kxe4 Re2+ 55.Kd3 Rg2 56.g4 Kf6 57.Ke3 Rg3+
58.Kf2 Rd3 59.Rc4 Rd4 60.Rxc7 Rxd5 61.Kf3 Rd3+ 62.Ke4 Rd4+ 63.Kf3 Rf4+ 64.Kg3 Ra4
65.Kh4 e4 66.g5+ Kxf5 67.Rxf7+ Ke6 68.Rf4 Ke5 69.Rg4 Ra8 70.g6 Kf5 71.g7 Rg8
72.Rg5+ Kf4 73.Kh5 e3 74.Rg1 e2 75.Kh6 Rd8 76.Kh7 Rd7 77.Kh8 Rd3 78.g8=Q Re3
79.Kg7 Rg3+ 80.Rxg3 Kxg3 81.Kf6+ Kf2 82.Qa2 Kf3 83.Qb3+ Kf2 84.Qc2 Kf1 85.Qd3 Kf2
86.Qf5+ Ke3 87.Qe5+ Kf2 88.Qf4+ Kg2 89.Qe3 Kf1 90.Qf3+ Ke1 91.Ke5 Kd1 92.Qd3+ Ke1
93.Ke4 Kf2 94.Qf3+ Ke1 95.Kd3 Kd1 96.Qxe2+  1-0

[Event "RUS-Cup"]
[Site "Krasnodar"]
[Date "1998.??.??"]
[Round "1"]
[White "Tregubov, Pavel V"]
[Black "Mchedlishvili, Mikheil"]
[Result "1-0"]
[WhiteElo "2560"]
[BlackElo "2365"]

1.d4 Nf6 2.c4 e6 3.Nf3 Bb4+ 4.Bd2 Qe7 5.g3 Nc6 6.Bg2 Bxd2+ 7.Nbxd2 d6 8.O-O e5
9.d5 Nb8 10.e4 Bg4 11.Qb3 b6 12.c5 dxc5 13.Nxe5 Qxe5 14.Nc4 Qh5 15.e5 Nfd7
16.e6 O-O 17.Rfe1 Nf6 18.Ne5 a5 19.f3 Bh3 20.g4 Qh4 21.e7 Nbd7 22.exf8=Q+ Rxf8
23.Nxd7 Nxd7 24.Rad1 h5 25.Bxh3 Qxh3 26.Qa4 Nf6 27.g5 Nd7 28.Re7 b5 29.Qf4 c4
30.Rde1 g6 31.Qc1  1-0

[Event "RUS-Cup"]
[Site "Krasnodar"]
[Date "1998.??.??"]
[Round "3"]
[White "Fomichenko, E."]
[Black "Khurtsidze, Nino"]
[Result "0-1"]
[WhiteElo "2310"]
[BlackElo "2390"]

1.d4 Nf6 2.Nf3 e6 3.c4 Bb4+ 4.Bd2 Qe7 5.g3 Nc6 6.Bg2 Bxd2+ 7.Nbxd2 O-O 8.O-O d6
9.e4 e5 10.d5 Nb8 11.Ne1 c6 12.Nd3 Bg4 13.Qe1 cxd5 14.cxd5 Bd7 15.a4 a5 16.f4 b5
17.b3 bxa4 18.bxa4 Bc8 19.fxe5 dxe5 20.Qe3 Ba6 21.Bh3 Nbd7 22.Rfc1 Rfc8 23.Kg2 Rxc1
24.Nxc1 Qc5 25.Kf3 Qb4 26.Ne2 Rc8 27.Rb1 Qxa4 28.Rb3 Rc2 29.Nc3 Qd4 30.Ncb1 a4
31.Rc3 Rxc3 32.Qxc3 Qg1 33.Qe3 Qxh2  0-1

[Event "Kstovo (Women)"]
[Site "Kstovo"]
[Date "1998.??.??"]
[Round "?"]
[White "Shumiakina, Tatiana"]
[Black "Vasilevich, Tatjana"]
[Result "0-1"]
[WhiteElo "2400"]
[BlackElo "2410"]

1.d4 Nf6 2.Nf3 e6 3.c4 Bb4+ 4.Bd2 Bxd2+ 5.Qxd2 d5 6.Nc3 O-O 7.e3 b6 8.cxd5 exd5
9.Bd3 Bb7 10.b4 Qe7 11.Rb1 Nbd7 12.O-O Ne4 13.Qc2 Rfc8 14.Rfc1 Ndf6 15.Ne5 c5
16.bxc5 bxc5 17.Qb2 Nd6 18.Nb5 Nc4 19.Bxc4 dxc4 20.Nd6 Qxd6 21.Qxb7 Qf8 22.Nc6 Kh8
23.Ne5 cxd4 24.exd4 Kg8 25.Nxc4 Rab8 26.Qa6 Rxb1 27.Rxb1 Nd5 28.Ne3 Nc3 29.Rb7 Qd8
30.Rxa7 Rb8 31.Rb7 Ne2+ 32.Kf1 Nxd4 33.Rxb8 Qxb8 34.Qd3 Qb2 35.g3  0-1

[Event "SCO-ch"]
[Site "Largs"]
[Date "1998.??.??"]
[Round "9"]
[White "Rowson, Jonathan"]
[Black "Grant, Jonathan"]
[Result "0-1"]
[WhiteElo "2485"]
[BlackElo "2275"]

1.d4 Nf6 2.c4 e6 3.Nf3 Bb4+ 4.Bd2 Qe7 5.g3 Bxd2+ 6.Nbxd2 d5 7.Bg2 O-O 8.Rc1 Rd8
9.O-O Nc6 10.e3 Bd7 11.Ne5 Be8 12.Qe2 a5 13.a3 a4 14.Rc2 Ra5 15.Nd3 Ra7 16.Rfc1 Rc8
17.Ne5 Na5 18.cxd5 exd5 19.Bh3 Rb8 20.Rxc7 Qd6 21.Rc8 Raa8 22.Rxb8 Rxb8 23.Qe1 Qb6
24.Rc2 Nc6 25.Qc1 h6 26.Bg2 Rd8 27.Nd3 Na5 28.Rc8 Nc6 29.Rxd8 Qxd8 30.Qc5 b6
31.Qc2 Na5 32.Nb4 Bb5 33.Nb1 Bc4 34.Nc3 g6 35.Qd1 Bb3 36.Qf3 Nc4 37.Qe2 Na5
38.h3 Kg7 39.g4 Qd6 40.Qf3 Nc4 41.Qe2 Na5 42.Qf3 Nc4 43.Qe2 Na5 44.h4 Qe6
45.Qf3 Nc4 46.g5 hxg5 47.hxg5 Ne4 48.Ncxd5 Ncd2 49.Qe2 Bc4 50.Qe1 Qg4 51.Kh2 Bf1
52.Bxe4 Qxe4  0-1

[Event "VfB op 5th"]
[Site "Leipzig"]
[Date "1998.??.??"]
[Round "7"]
[White "Anderberg, Peter"]
[Black "Broberg, Horst"]
[Result "1/2-1/2"]
[WhiteElo "2115"]
[BlackElo "2180"]

1.d4 Nf6 2.Nf3 e6 3.c4 Bb4+ 4.Bd2 Qe7 5.a3 Bxd2+ 6.Nbxd2 d6 7.e3 e5 8.dxe5 dxe5
9.Qc2 Bg4 10.Be2 Nc6 11.h3 Bh5 12.Ne4 O-O-O 13.Nxf6 Qxf6 14.O-O g5 15.Rfd1 Bg6
16.Qc3 h5 17.Rxd8+ Rxd8 18.Rd1 Re8 19.Bd3 g4 20.Bxg6 Qxg6 21.Nh4 Qg5 22.g3 gxh3
23.b4 Qg4 24.Qd3 e4 25.Qd5 Rd8 26.Qf5+ Qxf5 27.Rxd8+ Kxd8 28.Nxf5 Ne5 29.c5 b6
30.cxb6 axb6 31.Ng7 c5 32.bxc5 bxc5 33.Nxh5 c4 34.Nf4 c3 35.Kh2 c2 36.Ne2 Ng4+
37.Kxh3 Nxf2+ 38.Kh4 Ke7 39.Kg5 Kd6 40.a4 Ke5 41.a5 Kd5 42.a6 Kc6 43.Nd4+ Kb6
44.Nxc2 Kxa6 45.Kf6 Kb5 46.Kxf7 Kc4 47.Nd4 Kd3 48.Nf5 Ng4 49.Nd6 Nxe3 50.Nxe4  1/2-1/2

[Event "Leon op"]
[Site "Leon"]
[Date "1998.??.??"]
[Round "4"]
[White "Garcia Ilundain, David"]
[Black "Izeta Txabarri, Felix"]
[Result "1/2-1/2"]
[WhiteElo "2495"]
[BlackElo "2475"]

1.d4 Nf6 2.Nf3 e6 3.c4 Bb4+ 4.Bd2 Qe7 5.c5 Bxd2+ 6.Nbxd2 d6 7.cxd6 cxd6 8.e3 O-O
9.Be2 e5 10.Nb1 Bg4 11.h3 Bh5 12.Nc3 e4 13.Ng1 Bxe2 14.Ngxe2 Na6 15.Qb3 Nc7
16.Nf4 Ne6 17.Nfd5 Nxd5 18.Nxd5 Qd7 19.O-O Kh8 20.Rac1 f5 21.Rc3 f4 22.Nxf4 Nxf4
23.exf4 Rxf4 24.Qd5  1/2-1/2

[Event "Ljubljana op"]
[Site "Ljubljana"]
[Date "1998.??.??"]
[Round "2"]
[White "Bozic, Marjan"]
[Black "Justin, Matijaz"]
[Result "0-1"]
[WhiteElo "2110"]
[BlackElo "2395"]

1.d4 Nf6 2.c4 e6 3.Nf3 Bb4+ 4.Bd2 a5 5.e3 O-O 6.Bd3 b6 7.Qc2 Nc6 8.a3 Bxd2+
9.Nbxd2 d6 10.h3 e5 11.dxe5 Nxe5 12.Nxe5 dxe5 13.Ne4 g6 14.Nxf6+ Qxf6 15.Be4 Rb8
16.Rd1 Qg5 17.h4 Qf6 18.f3 Be6 19.g4 Rbd8 20.g5 Qe7 21.Ke2 Qc5 22.Rxd8 Rxd8
23.Rc1 Qd6 24.h5 Qe7 25.Rg1 gxh5 26.Bxh7+ Kg7 27.Be4 Qc5 28.Rc1 h4 29.f4 exf4
30.Qc3+ Kg8 31.exf4 Bg4+ 32.Kf1 Rd4 33.Re1 Rxc4 34.Qf6 Bh3+ 35.Bg2 Bxg2+
36.Kxg2 Rc2+ 37.Kh3 Rh2+ 38.Kg4 Qf8 39.Qc6 Kh7 40.Qf6 Qg7 41.Kf5 Rxb2 42.Re7 Rb5+
43.Kg4 Qxf6 44.gxf6 Kg6 45.Rxc7 Rb3 46.f5+ Kxf6 47.Rc6+ Ke5 48.Rc7 Rxa3 49.Rxf7 h3
50.Re7+ Kd5 51.f6 h2 52.Rh7 Ra2 53.Kf5 a4 54.f7 Rf2+ 55.Kg6 Ke6 56.Rh3 Rg2+  0-1

[Event "Ljubljana op"]
[Site "Ljubljana"]
[Date "1998.??.??"]
[Round "6"]
[White "Farago, Ivan"]
[Black "Zelcic, Robert"]
[Result "1/2-1/2"]
[WhiteElo "2475"]
[BlackElo "2540"]

1.d4 Nf6 2.c4 e6 3.Nf3 Bb4+ 4.Bd2 Qe7 5.g3 Nc6 6.Nc3 O-O 7.Bg2 Na5 8.b3 b6
9.O-O Bb7 10.Qc2 Rac8 11.Qb2 Ba3 12.Qc2 Bb4 13.Qb2 Ne4 14.Nxe4 Bxe4 15.Bxb4 Qxb4
16.Ne5 Bxg2 17.Kxg2 Qe7 18.b4 d6 19.bxa5 dxe5 20.dxe5 bxa5 21.Qb5 Qa3 22.Qb3 Qc5
23.Qb5 Qb6 24.Rfd1 Rb8 25.Rab1 g6 26.Rd7 Rfc8 27.Rb3 Rd8 28.Qa4 Qc5 29.Rf3 Rf8
30.a3 Rb2 31.Re3 Qb6 32.Re7 Rd2 33.Qb5 Qxb5 34.cxb5 Rc2  1/2-1/2

[Event "Malaga op"]
[Site "Malaga"]
[Date "1998.??.??"]
[Round "4"]
[White "Cifuentes Parada, Roberto"]
[Black "Dgebuadze, Alexandre"]
[Result "1-0"]
[WhiteElo "2535"]
[BlackElo "2470"]

1.d4 e6 2.Nf3 Nf6 3.c4 Bb4+ 4.Bd2 Qe7 5.g3 Nc6 6.Bg2 Bxd2+ 7.Nbxd2 d6 8.Nf1 d5
9.a3 O-O 10.Ne3 Rd8 11.O-O dxc4 12.Nxc4 e5 13.Nfxe5 Nxd4 14.e3 Ne6 15.Qc2 a5
16.b3 Nc5 17.h3 Be6 18.b4 axb4 19.axb4 Rxa1 20.Rxa1 Bxc4 21.Nxc4 Na6 22.b5 Nb4
23.Qb3 b6 24.Ra7 Qc5 25.Ne5 Qxe5 26.Qxb4 h5 27.Qf4 Rd1+ 28.Kh2 Qxf4 29.gxf4 Nd5
30.Bf3 Rd2 31.Kg1 Nc3 32.Rxc7 Nxb5 33.Rc8+ Kh7 34.Bxh5 Nd6 35.Rb8 b5 36.Rb6 g6
37.Bf3 Kg7 38.Kf1 Kf8 39.Ke1  1-0

[Event "Moscow-ch op"]
[Site "Moscow"]
[Date "1998.??.??"]
[Round "5"]
[White "Korotylev, Alexey"]
[Black "Gaprindashvili, Valerian"]
[Result "1-0"]
[WhiteElo "2470"]
[BlackElo "2270"]

1.d4 Nf6 2.c4 e6 3.Nf3 Bb4+ 4.Bd2 Qe7 5.g3 O-O 6.Bg2 Bxd2+ 7.Qxd2 Ne4 8.Qc2 f5
9.O-O d6 10.Nfd2 Nxd2 11.Qxd2 e5 12.Nc3 Nc6 13.e3 Nd8 14.b4 Be6 15.c5 e4
16.f4 a5 17.d5 Bf7 18.cxd6 Qxd6 19.bxa5 Rxa5 20.g4 c6 21.gxf5 Bxd5 22.Bxe4 b6
23.Rad1 Nf7 24.Nxd5 Rd8 25.Qg2 cxd5 26.Rd4 Qa3 27.f6 Qxe3+ 28.Kh1 g6 29.Rxd5 Raxd5
30.Bxd5 Qd4 31.Be6 Qxf6 32.f5 g5 33.Qb7 Rd6 34.Rc1 Rxe6 35.fxe6 Qxe6 36.Qc8+ Qxc8
37.Rxc8+  1-0

[Event "Moscow-ch op"]
[Site "Moscow"]
[Date "1998.??.??"]
[Round "5"]
[White "Kotelevsky, Valery"]
[Black "Starovoitov, Oleg N"]
[Result "0-1"]
[WhiteElo "2165"]
[BlackElo "2160"]

1.d4 Nf6 2.c4 e6 3.Nf3 Bb4+ 4.Bd2 Qe7 5.a3 Bxd2+ 6.Nbxd2 O-O 7.e4 d6 8.Bd3 e5
9.d5 Nh5 10.g3 g6 11.Nh4 Ng7 12.Qe2 a5 13.O-O f5 14.b4 f4 15.Kg2 Qf6 16.h3 g5
17.Nf5 Nxf5 18.exf5 Bxf5 19.Ne4 f3+ 20.Kxf3 Qh6 21.Kg2 Bxh3+ 22.Kg1 Bxf1
23.Qxf1 axb4 24.axb4 Rxa1 25.Qxa1 Nd7 26.Qc1 Nf6 27.Qxg5+ Qxg5 28.Nxg5 Ra8
29.b5 Re8 30.f3 Re7 31.Ne6 Ne8 32.Kf2 Ng7 33.Ng5 h6 34.Ne4 b6 35.g4 Ne8 36.Ng3 Ng7
37.Bg6 Rd7 38.Ne4 Rd8 39.Nf6+ Kf8 40.Ke3 Ke7 41.Ne4 Ra8 42.Ng3 Kf6 43.Bd3 Kg5
44.Ne4+ Kh4 45.Bf1 Ra3+ 46.Kf2 Ra1 47.Be2 Ra8 48.Ng3 Rf8 49.Bd3 Ne8 50.Nf5+ Kg5
51.Ne7 Nf6 52.Ke3 e4 53.f4+ Kxg4 54.Be2+ Kh3 55.f5 Kg3 56.Ng6 Ra8  0-1

[Event "RUS-Cup02"]
[Site "Moscow"]
[Date "1998.??.??"]
[Round "5"]
[White "Mitenkov, Alexey"]
[Black "Mozaliov, SV."]
[Result "1-0"]
[WhiteElo "2435"]
[BlackElo "2285"]

1.d4 Nf6 2.c4 e6 3.Nf3 Bb4+ 4.Bd2 Qe7 5.g3 Nc6 6.Nc3 Bxc3 7.Bxc3 Ne4 8.Rc1 d6
9.d5 Nxc3 10.Rxc3 Nd8 11.dxe6 Nxe6 12.Bg2 Bd7 13.e4 Bc6 14.Re3 O-O 15.O-O Qf6
16.Qd2 a5 17.Rfe1 Rfe8 18.b3 g6 19.h4 h5 20.Kh2 b6 21.Ng5 Nxg5 22.e5 Nf3+
23.Rxf3 Qd8 24.Rxf7 Bxg2 25.Rf6 Rxe5 26.Rxg6+ Kf7 27.Rxe5 dxe5 28.Qh6 Qh8
29.Kxg2 Qxh6 30.Rxh6 Rd8 31.Rxh5 Kf6 32.Rh7  1-0

[Event "Moscow-ch op"]
[Site "Moscow"]
[Date "1998.??.??"]
[Round "8"]
[White "Gagarin, Vasilij"]
[Black "Korotylev, Alexey"]
[Result "1/2-1/2"]
[WhiteElo "2415"]
[BlackElo "2470"]

1.d4 Nf6 2.Nf3 e6 3.c4 Bb4+ 4.Bd2 Qe7 5.g3 Nc6 6.Nc3 Bxc3 7.Bxc3 Ne4 8.Qc2 Nxc3
9.Qxc3 O-O 10.Bg2 d6 11.O-O e5 12.d5 Nd8 13.e4 f5 14.exf5 Bxf5 15.Rae1 Nf7
16.Nh4 Bd7 17.f4 Rae8 18.Be4 Kh8 19.Bg6 Kg8 20.fxe5 dxe5 21.Rxf7 Rxf7 22.Bxf7+ Qxf7
23.Rxe5 Rf8 24.Qe1 Qf6 25.Ng2 Qb6+ 26.Re3 Qxb2 27.Nf4 Qd4 28.Qc3 Qxc3 29.Rxc3 g5
30.Ng2 Kg7 31.h4 h6 32.hxg5 hxg5 33.Ra3 a6 34.Rb3 b6 35.d6 cxd6 36.Rxb6 Be6
37.c5 Bxa2 38.Rxa6 Bc4 39.Rxd6 Rc8 40.c6 Bb5 41.Rd5 Bxc6 42.Rxg5+ Kf6 43.Rc5 Bb7  1/2-1/2

[Event "EU-ch U18"]
[Site "Murek"]
[Date "1998.??.??"]
[Round "8"]
[White "Halkias, Stelios"]
[Black "Gershon, Alik"]
[Result "1/2-1/2"]
[WhiteElo "2435"]
[BlackElo "2460"]

1.d4 Nf6 2.Nf3 e6 3.c4 Bb4+ 4.Bd2 Qe7 5.g3 Nc6 6.Nc3 Bxc3 7.Bxc3 Ne4 8.Rc1 d6
9.Bg2 O-O 10.d5 Nxc3 11.Rxc3 Nb8 12.Qc2 e5 13.O-O a5 14.a3 a4 15.c5 Nd7 16.cxd6 cxd6
17.Nd2 Qd8 18.f4 exf4 19.gxf4 Nf6 20.Kh1 Bg4 21.e4 Re8 22.Rg3 Be2 23.Re1 Bb5
24.Qd1 Re7 25.Nb1 Qe8 26.Nc3 Bd7 27.Bf3 Qf8 28.Qd4 Ne8 29.e5 g6 30.Qb4 Bf5
31.Nxa4 Rc8 32.Nc3 Rec7 33.Qd4 Rc4 34.Qe3 Qh6 35.Rg5 Qh4 36.e6 Qxf4 37.Qxf4 Rxf4
38.Bg2 Bg4 39.h3 Bf3 40.Rg3 Bxg2+ 41.Kxg2 f5 42.Rd3 Rcc4 43.b3 Rc5 44.Re2 Kf8
45.Na4 Rc1 46.Nb6 Rff1 47.Nc4 Ke7 48.Rc2 Rg1+ 49.Kf2 Rgf1+ 50.Ke2 Rxc2+ 51.Kxf1 f4
52.Na5 Nf6 53.Rd4 g5 54.Nxb7 f3 55.Rc4 Rxc4 56.bxc4 Ne4  1/2-1/2

[Event "Nizhnij Tagil"]
[Site "Nizhnij Tagil"]
[Date "1998.??.??"]
[Round "2"]
[White "Tosic, Miroslav"]
[Black "Rashkovsky, Nukhim N"]
[Result "1/2-1/2"]
[WhiteElo "2505"]
[BlackElo "2505"]

1.d4 Nf6 2.c4 e6 3.Nf3 Bb4+ 4.Bd2 Bxd2+ 5.Qxd2 d5 6.Nc3 O-O 7.e3 Qe7 8.Rc1 Rd8
9.Bd3 dxc4 10.Bxc4 c5 11.Qe2  1/2-1/2

[Event "Nizhnij Tagil"]
[Site "Nizhnij Tagil"]
[Date "1998.??.??"]
[Round "4"]
[White "Tosic, Miroslav"]
[Black "Savon, Vladimir A"]
[Result "1/2-1/2"]
[WhiteElo "2505"]
[BlackElo "2425"]

1.d4 Nf6 2.c4 e6 3.Nf3 Bb4+ 4.Bd2 Bxd2+ 5.Qxd2 d6 6.g3 O-O 7.Bg2 Nc6 8.Nc3 e5
9.d5 Ne7 10.O-O Bg4 11.Ne1 Qd7 12.e4 Bh3 13.f4 Bxg2 14.Qxg2 Ng4 15.Nc2 f5
16.h3 Nf6 17.exf5 Nxf5 18.g4 Nh4 19.Qg3 Ng6 20.f5 Nf4 21.Kh2 g5  1/2-1/2

[Event "Nizhnij Tagil"]
[Site "Nizhnij Tagil"]
[Date "1998.??.??"]
[Round "9"]
[White "Vaulin, Alexander"]
[Black "Totsky, Leonid"]
[Result "1/2-1/2"]
[WhiteElo "2535"]
[BlackElo "2490"]

1.d4 e6 2.Nf3 Nf6 3.c4 Bb4+ 4.Bd2 a5 5.g3 O-O 6.Bg2 d5 7.Qc2 b6 8.O-O c6
9.Bf4 Be7 10.Rd1 Ba6  1/2-1/2

[Event "RUS-ch sf"]
[Site "Novosibirsk"]
[Date "1998.??.??"]
[Round "?"]
[White "Shadrin, Lev"]
[Black "Lopushnoy, Denis"]
[Result "0-1"]
[WhiteElo "2165"]
[BlackElo "2390"]

1.d4 Nf6 2.c4 e6 3.Nf3 Bb4+ 4.Bd2 Qe7 5.a3 Bxd2+ 6.Qxd2 b6 7.e3 Bb7 8.Be2 Ne4
9.Qc2 O-O 10.Nc3 f5 11.O-O d6 12.Nd2 Nxc3 13.Qxc3 e5 14.Bf3 e4 15.Be2 c5
16.b4 Nd7 17.bxc5 dxc5 18.d5 Ne5 19.f4 exf3 20.Bxf3 Rae8 21.Rae1 Bc8 22.Bh5 g6
23.Bd1 Qg7 24.e4 f4 25.Nf3 g5 26.Ba4 g4 27.Nxe5 Rxe5 28.Qd2 f3 29.Rf2 Qg6
30.Bc2 Bd7 31.Kh1 Qh5 32.g3 Qg6 33.a4 Rfe8 34.Ra1 Qf6 35.Rff1 h5 36.a5 h4
37.gxh4 Qxh4 38.Qf2 Rh5 39.Qxh4 Rxh4 40.Rg1 Re5 41.axb6 Reh5 42.Rxg4+ Bxg4  0-1

[Event "RUS-Cup"]
[Site "Omsk/Perm"]
[Date "1998.??.??"]
[Round "1"]
[White "Sherbakov, Ruslan"]
[Black "Fradkin, Boris"]
[Result "1/2-1/2"]
[WhiteElo "2555"]
[BlackElo "2345"]

1.Nf3 Nf6 2.d4 e6 3.c4 Bb4+ 4.Bd2 Qe7 5.g3 b6 6.Bg2 Bb7 7.O-O Bxd2 8.Qxd2 O-O
9.Nc3 Ne4 10.Nxe4 Bxe4 11.Qf4 Bxf3 12.Bxf3 c6 13.d5 e5 14.Qd2 Qd6 15.Bg2 c5
16.f4 Nc6 17.Qc3 Nd4 18.Rac1 exf4 19.Rxf4 g6 20.e3 Nf5 21.e4 Nd4 22.e5 Qe7
23.d6 Qd8 24.Bxa8 Qxa8 25.Rxd4 cxd4 26.Qxd4 Qc6 27.b3 Re8 28.Qf4 Qc5+ 29.Kf1 Re6
30.Qe4 Qc8 31.Qd5 Qe8 32.b4 Kf8 33.c5 f6 34.cxb6 axb6 35.Qb7 fxe5 36.Qxb6  1/2-1/2

[Event "RUS-Cup"]
[Site "Omsk/Perm"]
[Date "1998.??.??"]
[Round "9"]
[White "Vaulin, Alexander"]
[Black "Balashov, Yuri S"]
[Result "1/2-1/2"]
[WhiteElo "2535"]
[BlackElo "2555"]

1.d4 Nf6 2.Nf3 e6 3.c4 Bb4+ 4.Bd2 Bxd2+ 5.Qxd2 O-O 6.Nc3 d5 7.e3 Qe7 8.cxd5 exd5
9.Be2 c6 10.O-O Nbd7  1/2-1/2

[Event "Atom Cup GM 3rd"]
[Site "Paks"]
[Date "1998.??.??"]
[Round "2"]
[White "Bunzmann, Dimitrij"]
[Black "Gershon, Alik"]
[Result "1/2-1/2"]
[WhiteElo "2455"]
[BlackElo "2460"]

1.d4 Nf6 2.c4 e6 3.Nf3 Bb4+ 4.Bd2 Qe7 5.g3 Nc6 6.Bg2 Bxd2+ 7.Nbxd2 d6 8.O-O e5
9.d5 Nb8 10.e4 a5 11.Ne1 O-O 12.Nd3 Bg4 13.Qe1 Na6 14.f4 Bd7 15.a3 c6 16.fxe5 dxe5
17.Qe3 Ng4 18.Qe2 Nc5 19.Kh1 Nxd3 20.Qxd3 Qc5 21.Qe2 cxd5 22.exd5 f5 23.Bh3 b5
24.Bxg4 fxg4 25.b3 Qd4 26.Rae1 a4 27.Rxf8+ Rxf8 28.Qe3 Rf2 29.Qxd4 exd4 30.c5 Rxd2
31.bxa4 bxa4 32.c6 Bxc6 33.dxc6 Rc2 34.Rd1 Rxc6 35.Rxd4 Rc1+  1/2-1/2

[Event "HUN-ch U14"]
[Site "Paks"]
[Date "1998.??.??"]
[Round "5"]
[White "Flumbort, Andras"]
[Black "Jakab, Attila"]
[Result "0-1"]
[WhiteElo "2225"]
[BlackElo "2210"]

1.d4 Nf6 2.c4 e6 3.Nf3 Bb4+ 4.Bd2 Qe7 5.g3 Nc6 6.Nc3 Bxc3 7.Bxc3 Ne4 8.Rc1 Nxc3
9.Rxc3 d6 10.d5 Nd8 11.dxe6 fxe6 12.Bg2 e5 13.O-O O-O 14.c5 Bg4 15.Nd2 Ne6
16.Nb3 Rad8 17.Bxb7 dxc5 18.Bd5 Kh8 19.Rd3 e4 20.Rd2 Bh3 21.Bxe6 Bxf1 22.Kxf1 Rxd2
23.Qxd2 Qxe6 24.Kg2 e3 25.Qxe3 Qxe3 26.fxe3 Rb8 27.Kf3 c4 28.Nd2 Rxb2 29.Nxc4 Rxa2  0-1

[Event "Paris op"]
[Site "Paris"]
[Date "1998.??.??"]
[Round "9"]
[White "Toulzac, Pierre Yves"]
[Black "Spiridonov, Nikola"]
[Result "0-1"]
[WhiteElo "2275"]
[BlackElo "2405"]

1.d4 Nf6 2.c4 e6 3.Nf3 Bb4+ 4.Bd2 c5 5.g3 O-O 6.Bg2 d6 7.O-O Nc6 8.Bxb4 cxb4
9.Nbd2 e5 10.d5 Nb8 11.e4 Bg4 12.Qb3 Na6 13.a4 Qa5 14.Qe3 Qc5 15.Rfe1 Qxe3
16.Rxe3 Bxf3 17.Bxf3 Nc5 18.Nb3 Nxb3 19.Rxb3 a5 20.Re3 g6 21.b3 Nd7 22.Bd1 f5
23.Bc2 f4 24.Rf3 g5 25.g4 h5 26.Rh3 hxg4 27.Rh5 Nf6 28.Rxg5+ Kf7 29.h3 Rg8
30.Rxg8 Rxg8 31.hxg4 Nxg4 32.Rc1 Ne3+ 33.Kh1 Rh8+ 34.Kg1 Nxc2 35.Rxc2 Rh3
36.Rb2 Rc3 37.Kg2 Ke7 38.Rb1 Kd7 39.Rh1 Rxb3 40.Rh7+ Kc8 41.c5 dxc5 42.d6 b6  0-1

[Event "Prievidza Cup 29th"]
[Site "Prievidza"]
[Date "1998.??.??"]
[Round "3"]
[White "Hanko, Pavel"]
[Black "Detko, Jan"]
[Result "0-1"]
[WhiteElo "2245"]
[BlackElo "2100"]

1.d4 Nf6 2.Nf3 e6 3.c4 Bb4+ 4.Bd2 Qe7 5.Nc3 b6 6.g3 Bxc3 7.Bxc3 Ne4 8.Qc2 Nxc3
9.Qxc3 d6 10.Bg2 Bb7 11.O-O Nd7 12.Rfd1 O-O 13.b4 c5 14.bxc5 bxc5 15.d5 exd5
16.cxd5 Qxe2 17.Re1 Qa6 18.Re7 Nf6 19.Nh4 Rfe8 20.Rae1 Rxe7 21.Rxe7 Bc8 22.h3 h6
23.g4 Bd7 24.Qe3 Kf8 25.f4 Re8 26.Rxe8+ Nxe8 27.a3 Qc4 28.Kh2 a5 29.Qd2 Qa4
30.Qc1 Qb3 31.g5 c4 32.gxh6 gxh6 33.f5 Kg7 34.Qf4 Qxa3 35.Qg4+ Kf8 36.Qh5 Kg7
37.Qg4+ Kf6 38.Qh5 Qe3 39.Nf3 Qf4+  0-1

[Event "RUS-ch sf"]
[Site "Pskov"]
[Date "1998.??.??"]
[Round "9"]
[White "Bezgodov, Alexei"]
[Black "Totsky, Leonid"]
[Result "1/2-1/2"]
[WhiteElo "2520"]
[BlackElo "2490"]

1.d4 e6 2.Nf3 Nf6 3.c4 Bb4+ 4.Bd2 Bxd2+ 5.Qxd2 d6 6.Nc3 Nc6 7.g3 O-O 8.Bg2 e5
9.O-O Bg4 10.d5 Bxf3 11.Bxf3 Nb8 12.b4 Nbd7 13.a3 Qe7 14.e4 Rfc8 15.Rfd1 c6
16.dxc6 Rxc6 17.Rac1 Nb6 18.c5 dxc5 19.Nd5 Qf8 20.Nxf6+  1/2-1/2

[Event "CRO-Cup"]
[Site "Pula"]
[Date "1998.??.??"]
[Round "1"]
[White "Horvath, Csaba"]
[Black "Sulc, Damir"]
[Result "1-0"]
[WhiteElo "2535"]
[BlackElo "2275"]

1.d4 Nf6 2.c4 e6 3.Nf3 Bb4+ 4.Bd2 Qe7 5.g3 Nc6 6.Nc3 Bxc3 7.Bxc3 Ne4 8.Rc1 Nxc3
9.Rxc3 O-O 10.Bg2 d6 11.d5 Nb8 12.dxe6 fxe6 13.Nd4 e5 14.Nc2 Nd7 15.O-O Nf6
16.Ne3 c6 17.Rd3 Rd8 18.Qd2 Be6 19.Rd1 Ne8 20.b4 Rac8 21.b5 cxb5 22.cxb5 Rc5
23.Qb4 Rdc8 24.a4 Qc7 25.h4 Qb6 26.Bd5 Bxd5 27.Nxd5 Qd8 28.Qg4 Kh8 29.Qe6 Nf6
30.Ne7 Qe8 31.Rxd6 Rc1 32.Qxc8 Rxc8 33.Nxc8 Ng8 34.Rd8 Qe6 35.R1d6 Qc4 36.Ne7 h5
37.Rxg8+ Kh7 38.Rdd8 g6 39.Nd5  1-0

[Event "CRO-Cup"]
[Site "Pula"]
[Date "1998.??.??"]
[Round "4"]
[White "Cvitan, Ognjen"]
[Black "Kurajica, Bojan"]
[Result "1/2-1/2"]
[WhiteElo "2560"]
[BlackElo "2580"]

1.Nf3 Nf6 2.c4 e6 3.d4 Bb4+ 4.Bd2 Qe7 5.g3 b6 6.Bg2 Bb7 7.O-O Bxd2 8.Qxd2 O-O
9.Nc3 d5 10.cxd5 exd5 11.Nh4 Ne4 12.Nxe4 dxe4 13.Nf5 Qd8 14.d5 g6 15.Nh6+ Kg7
16.Ng4 f5 17.Qc3+ Kf7 18.Nh6+ Ke8 19.f3 exf3 20.exf3 Kd7 21.Rfe1 Qf6 22.Qd2 Qd6
23.f4 Na6 24.Re6 Qb4 25.Qe2 Rad8 26.Rc1 Qd4+ 27.Kh1 Kc8 28.Rc4 Qg7 29.d6 Bxg2+
30.Qxg2 Kb8 31.Re7 Qxe7 32.dxe7 Rd1+ 33.Qg1 Rxg1+ 34.Kxg1 Re8 35.g4 Rxe7
36.gxf5 gxf5 37.Nxf5  1/2-1/2

[Event "Roskilde op"]
[Site "Roskilde"]
[Date "1998.??.??"]
[Round "6"]
[White "Zagorskis, Darius"]
[Black "Grabliauskas, Virginijus"]
[Result "1/2-1/2"]
[WhiteElo "2515"]
[BlackElo "2465"]

1.d4 Nf6 2.Nf3 e6 3.c4 Bb4+ 4.Bd2 Bxd2+ 5.Qxd2 d5 6.e3 O-O 7.Nc3 Qe7 8.Rc1 Rd8
9.Qc2 dxc4 10.Bxc4 c5 11.dxc5 Qxc5 12.Be2 Nc6 13.O-O  1/2-1/2

[Event "ESP-chT"]
[Site "Salamanca"]
[Date "1998.??.??"]
[Round "4"]
[White "Comas Fabrego, Luis"]
[Black "Sanz Alonso, Francisco Javier"]
[Result "1/2-1/2"]
[WhiteElo "2540"]
[BlackElo "2440"]

1.d4 Nf6 2.c4 e6 3.Nf3 Bb4+ 4.Bd2 c5 5.Bxb4 cxb4 6.g3 O-O 7.Bg2 d6 8.O-O Re8
9.a3 Nc6 10.axb4 Nxb4 11.Na3 Bd7 12.Qb3 a5 13.Nc2 Nxc2 14.Qxc2 Bc6 15.Qb3 b5
16.cxb5 Qb6 17.Rfc1 Bd5 18.Qa4 Rab8 19.Qxa5 Qxb5 20.Qxb5 Rxb5 21.Rc2 Be4
22.Rd2 Reb8 23.Ne1 h6 24.f3  1/2-1/2

[Event "ESP-chT"]
[Site "Salamanca"]
[Date "1998.??.??"]
[Round "6"]
[White "Garcia Ilundain, David"]
[Black "Corral Blanco, Juan A"]
[Result "1/2-1/2"]
[WhiteElo "2485"]
[BlackElo "2440"]

1.d4 Nf6 2.Nf3 e6 3.c4 Bb4+ 4.Bd2 Qe7 5.g3 Bxd2+ 6.Qxd2 Ne4 7.Qc2 Qb4+ 8.Nbd2 Nxd2
9.Nxd2 Qe7 10.Bg2 d6 11.O-O O-O 12.Rac1 Nc6 13.e3 e5 14.d5 Nb4 15.Qb1 a5
16.a3 Na6 17.b4 axb4 18.axb4 Bd7 19.Rc3 Rfc8 20.Ra3 c5 21.dxc6 Bxc6 22.Bxc6 bxc6
23.b5 Nc5 24.Rxa8 Rxa8 25.Ne4 cxb5 26.cxb5 Nxe4 27.Qxe4 Rb8 28.Ra1 Qe8 29.Qd5 g6
30.Rb1 Rb6 31.Qc4 Qd7 32.e4 Kg7 33.Kg2 Qb7 34.Rb3 Qd7 35.h3 Qb7 36.Kh2 Qd7
37.Qd5 Qc7 38.Kg2 Qd7 39.Qc4 Qb7 40.h4 h5 41.Kf1 Qa7 42.Rd3 Qd7 43.Rd5 Qa7
44.Kg2 Qb7 45.Kg1 Qd7 46.Qd3 Qc7 47.Kh2 Kf8 48.Kg2 Ke7 49.Qa3 Ke6 50.Qb3 Ke7
51.Kh2 Qa7 52.Kg2 Qc7 53.Qb4 Ke6 54.Qb3 Ke7 55.Qa3 Ke6 56.Qb3  1/2-1/2

[Event "ESP-chT"]
[Site "Salamanca"]
[Date "1998.??.??"]
[Round "7"]
[White "Mowsziszian, Karen"]
[Black "Sanz Alonso, Francisco Javier"]
[Result "1-0"]
[WhiteElo "2525"]
[BlackElo "2440"]

1.d4 Nf6 2.c4 e6 3.Nf3 Bb4+ 4.Bd2 c5 5.Bxb4 cxb4 6.g3 O-O 7.Bg2 d6 8.O-O Re8
9.a3 Nc6 10.axb4 Nxb4 11.Nc3 Bd7 12.e4 e5 13.dxe5 dxe5 14.Nh4 a5 15.b3 Qb6
16.h3 Rad8 17.Qe2 Nc6 18.Nb5 Nd4 19.Nxd4 exd4 20.Qd3 Bc6 21.f3 Nd7 22.Rab1 Nc5
23.Qd1 g6 24.Kh2 Qb4 25.Rf2 a4 26.bxa4 Qxa4 27.Bf1 Qxd1 28.Rxd1 Ba4 29.Rdd2 d3
30.Ng2 Rd4 31.g4 Red8 32.Ne3 Bb3 33.Kg3 Bxc4 34.Nxc4 Rxc4 35.Rb2 Rc3 36.Rfd2 Nb3
37.Rd1 b5 38.Kf4 f6 39.Ke3 d2+ 40.Kf2 b4 41.Rxb3  1-0